00697nam a2200229 a 4500001001300000003000900013005001700022008004100039020002300080082001600103100001900119245004700138260003300185300000900218500003500227505002000262650003600282902000800318942000700326952011700333999001700450nice12345678IN_TiNIC20260116013805.0050524s1983 newa grp 000 0 eng  a0030634318 c10000a956.04bALL aAllen, Harry S aIsrael, the Middle East, and U.S.Interests aNew YorkbPraeger Pub c1983 a167p aincludes index and biblioraphy2 aIndex, Donation aNear East-Politics and Gov-1945 bSRS cBK 001040708StackRoom-aHMIbHMId2007-05-30g100.00l0o956.04 ALLp015369r2007-05-30v100.00w2005-05-24yBK c12515d12515